| 000 | 00841nam a2200253 a 4500 | ||
|---|---|---|---|
| 001 | 81571 | ||
| 003 | BD-RjUL | ||
| 005 | 20230713154120.0 | ||
| 008 | 230713s2020 bg ||||| |||| 00| 0 eng d | ||
| 020 | _a9789849353560 | ||
| 035 | _a(BD-RjUL)81571 | ||
| 040 |
_aBD-RjUL _beng _cBD-RjUL |
||
| 041 | _aben | ||
| 082 |
_223 _a954.14 _bDEK 2020 |
||
| 100 |
_aদে, শংকর প্রসাদ _98029 |
||
| 245 |
_aকৃষ্ণসময় / _cশংকর প্রসাদ দে |
||
| 260 |
_aঢাকা : _bঅনুপম প্রকাশনী, _c২০২৩ |
||
| 300 |
_a১০৪ পৃ.; _c২২ সেমি. |
||
| 650 |
_aবাংলার _xইতিহাস _93831 |
||
| 650 |
_aবাংলাদেশ _xইতিহাস |
||
| 650 |
_aBengal _xHistory |
||
| 650 |
_aBangladesh _xHistory |
||
| 942 |
_2ddc _cBK |
||
| 999 |
_c81571 _d81571 |
||